000 00534nam a2200193Ia 4500
005 20250508154605.0
008 008 250505s9999 xx 000 0 eng d
037 _aTextual
040 _aFEDL
_beng
_cFEDL
041 _aeng
_2eng
084 _a338.954, SHR
_qFEDL
100 _aShroff A. D.
245 0 _aOn planning and finance in India
260 _aBombay, India
_bLalvani Publishing House
_c1966
300 _axii,297p.
650 _aEconomics
942 _cTEXL
_h338.954, SHR
999 _c1351066
_d1351066